|
|
|
|
| LEADER |
00000naa2a2200000 4500 |
| 001 |
88234 |
| 005 |
20231031102543.0 |
| 035 |
|
|
|a (RuTPU)RU\TPU\book\94714
|
| 090 |
|
|
|a 88234
|
| 100 |
|
|
|a 20051222d2002 k y0rusy50 ca
|
| 101 |
0 |
|
|a rus
|
| 102 |
|
|
|a RU
|
| 200 |
1 |
|
|a Оценка энергетических характеристик машины двойного питания при частотно-токовой модуляции
|f А. Г. Юдинцев
|g науч. рук. А. В. Аристов
|
| 320 |
|
|
|a Библиогр.: 1 назв.
|
| 463 |
|
0 |
|0 (RuTPU)RU\TPU\book\68468
|t Энергетика: экология, надежность, безопасность
|o труды четвертого Всероссийского студенческого научно-практического семинара, Томск, 24-26 апреля 2002 г.
|f Томский политехнический университет; Электротехнический институт; Региональный центр энергосбережения
|v С. 46-49
|d 2002
|p 164 с.
|
| 610 |
1 |
|
|a частотно-токовая модуляция
|
| 610 |
1 |
|
|a двойное питание
|
| 610 |
1 |
|
|a оценка
|
| 610 |
1 |
|
|a энергетические характеристики
|
| 610 |
1 |
|
|a электроприводы
|
| 610 |
1 |
|
|a системы контроля
|
| 610 |
1 |
|
|a токовое возбуждение
|
| 610 |
1 |
|
|a труды учёных ТПУ
|
| 610 |
1 |
|
|a машины
|
| 700 |
|
1 |
|a Юдинцев
|b А. Г.
|c специалист в области электротехники
|c доцент Томского политехнического университета, кандидат технических наук
|f 1979-
|g Антон Геннадьевич
|2 stltpush
|3 (RuTPU)RU\TPU\pers\27731
|
| 702 |
|
1 |
|a Аристов
|b А. В.
|c российский ученый, специалист в области электротехники
|c профессор Томского политехнического университета, доктор технических наук
|f 1952-
|g Анатолий Владимирович
|2 stltpush
|3 (RuTPU)RU\TPU\pers\25508
|4 727
|
| 801 |
|
1 |
|a RU
|b 63413507
|c 20051222
|g PSBO
|
| 801 |
|
2 |
|a RU
|b 63413507
|c 20160902
|g PSBO
|
| 942 |
|
|
|c BK
|